000 00653nam a22002537a 4500
003 UA-OsUOA
001 24936
007 ta
008 20040305b un ||||| |||| 00| 0 ukr d
100 _aБородин С. В.
090 _a343.61
_bБ82
942 _cBK
040 _aUA-OsUOA
_brus
_cUA-OsUOA
_dUA-OsUOA
245 _aПреступления против жизни
300 _a356 с.
955 _a1
041 _arus
080 _a343.61
020 _a5-7975-0221-6
260 _aМ.
_bЮристъ
_c1999
044 _aRU
650 7 _a343 Кримінальне право. Карні порушення
_2UDC
999 _c311222
_d311222